Methods of testing vulcanized rubber. Part A 12. Determination of Rubber-to-fabric adhesion (PLY Separation). (Record no. 73164)

MARC details
000 -LEADER
fixed length control field 00447nam a2200145Ia 4500
245 #0 - TITLE STATEMENT
Title Methods of testing vulcanized rubber. Part A 12. Determination of Rubber-to-fabric adhesion (PLY Separation).
260 ## - PUBLICATION, DISTRIBUTION, ETC. (IMPRINT)
Year of publication 1968
500 ## - GENERAL NOTE
General note Standard number: BS 903 Part A 12
650 ## - SUBJECT ADDED ENTRY--TOPICAL TERM
Topical Term Adhesion
650 ## - SUBJECT ADDED ENTRY--TOPICAL TERM
Topical Term PLY separation
650 ## - SUBJECT ADDED ENTRY--TOPICAL TERM
Topical Term Rubber to fabric
650 ## - SUBJECT ADDED ENTRY--TOPICAL TERM
Topical Term Vulcanized rubber
942 ## - ADDED ENTRY ELEMENTS (KOHA)
Koha item type Standards
Holdings
Withdrawn status Lost status Damaged status Not for loan Collection code Home library Current library Date acquired Koha item type
      Standards British standards RRII Library RRII Library 31/12/2021 Standards